00684cam a2200229 a 45000010008000000030005000080050017000130080041000300100017000710200027000880380011001150400018001260500028001440820013001721000030001852450035002152500012002502600048002623000021003106500034003318560089003651686749Nust20220829123002.0990623s2000 mau 000 1 eng  a 99037054  a9780752837161cRs. 516 aArshad aDLCcDLCdDLC00aPS3553.O51165bV65 200000a823bCON1 aConnelly, Michael,d1956-10aVoid moon /cMichael Connelly. a1st ed. aBoston :bLittle, Brown and Company,c2000. a407 p. ;c24 cm. aDetective and mystery stories423Publisher descriptionuhttp://www.loc.gov/catdir/enhancements/fy1004/99037054-d.html